Statistics for DAYTONA - Pusha T

Click here to take the quiz!

General Stats

  • This quiz has been taken 19 times
  • The average score is 6 of 7

Answer Stats

Track #Answer% Correct
1If You Know You Know
86%
7Infrared
86%
2The Games We Play
86%
6What Would Meek Do?
86%
3Hard Piano
79%
5Santeria
79%
4Come Back Baby
57%

Score Distribution

Percentile by Number Answered

Percent of People with Each Score

Your Score History

You have not taken this quiz